| 000 | 01008nam a22002777a 4500 | ||
|---|---|---|---|
| 001 | 111569 | ||
| 003 | UA-OsUOA | ||
| 005 | 20260401105733.0 | ||
| 007 | ta | ||
| 008 | 20150526b un ||||| |||| 00| 0 ukr d | ||
| 020 | _a5120006639 | ||
| 040 |
_aUA-OsUOA _brus _cUA-OsUOA _dUA-OsUOA |
||
| 041 | _arus | ||
| 080 | _a94(477)"8/12" | ||
| 090 |
_a94(477)"8/12" _bК66 |
||
| 100 |
_aКоринный Н. Н. _924315 |
||
| 110 |
_aАкадемия наук Украины _bИнститут истории Украины _924316 |
||
| 245 |
_aПереяславская земля, Х – первая половина ХІІІ века _cН. Н. Коринный ; отв. ред. Ф. П. Шевченко |
||
| 260 |
_aК. _bНаукова думка _c1992 |
||
| 300 | _a312 с. | ||
| 650 | 7 |
_a94(477) Історія України _2UDC _940 |
|
| 700 | 1 |
_aШевченко Ф. П. _eред. _920694 |
|
| 942 |
_cBK _2udc |
||
| 955 | _a1 | ||
| 999 |
_c397657 _d397657 |
||